| 000 | 00404nam a2200169Ia 4500 | ||
|---|---|---|---|
| 003 | STCL | ||
| 008 | 181203s9999 xx 000 0 und d | ||
| 020 | _a9789381523315 | ||
| 040 |
_aSTCL _bEN _cSTCL |
||
| 082 | _222 | ||
| 100 | _aHasan, Mushirul | ||
| 245 | 0 | _aFaith and Freedom: Gandhi in History | |
| 260 |
_bNiyogi Books _aNew Delhi _c2013 |
||
| 300 | _a555 | ||
| 546 | _aEnglish | ||
| 942 |
_2ddc _cBK |
||
| 999 |
_c83623 _d83623 |
||